The thirty nine steps / (Record no. 177769)

MARC details
000 -LEADER
fixed length control field 00390nam a22001457a 4500
010 ## - LCCN (DPL NO)
LC control number EN-112656
020 ## - INTERNATIONAL STANDARD BOOK NUMBER
International Standard Book Number 9780195678093
037 ## - SOURCE OF ACQUISITION
Source of stock number/acquisition Gift
082 ## - DEWEY DECIMAL CLASSIFICATION NUMBER
Classification number 880
100 ## - MAIN ENTRY--PERSONAL NAME
Personal name Buchan, John
245 ## - TITLE STATEMENT
Title The thirty nine steps /
Statement of responsibility, etc by John Buchan
260 ## - PUBLICATION, DISTRIBUTION, ETC. (IMPRINT)
Place of publication, distribution, etc New Delhi
Name of publisher, distributor, etc Oxford University Press
Date of publication, distribution, etc 2020
300 ## - PHYSICAL DESCRIPTION
Extent 85p.:
Dimensions 20cm(pbk)
Other physical details ill.
942 ## - ADDED ENTRY ELEMENTS (KOHA)
Source of classification or shelving scheme Dewey Decimal Classification
Item type English Books
Classification part 880
Call number suffix BUC
Holdings
Withdrawn status Lost status Not for loan Collection code Home library Current library Date acquired Source of acquisition Cost, normal purchase price Full call number Barcode Copy number Cost, replacement price Koha item type
      Non-fiction Ashok Vihar Ashok Vihar 02/03/2021 DBAD/PUB 125.00 880 BUC EN-112656 1 125.00 English Books

© Delhi Public Library
Hit Counter
free hit counter